demonlist 2019 - Statistics

General Stats
  • This quiz has been taken 3 times
  • The average score is 13 of 150
Answer Stats
Hint Answer % Correct
56 Bloodbath
100%
1 Bloodlust
100%
15 Artificial ascent
67%
97 Cataclysm
67%
13 Digital descent
67%
82 Acropolix
33%
66 Aftermath
33%
54 Betrayal of fate
33%
31 Black blizzard
33%
22 Catalyze
33%
10 Celestial force
33%
58 Conical depression
33%
8 Devil vortex
33%
57 Down bass
33%
7 Erebus
33%
78 Fexty
33%
4 Gamma
33%
30 Hatred
33%
99 Hypersonic
33%
119 Ice carbon diablo X
33%
37 Infernal abyss
33%
103 Matilda the machine
33%
46 Phobos
33%
3 Plasma pulse finale
33%
47 Sakupen hell
33%
5 Sonic wave
33%
2 Spacial rend
33%
34 Subsonic
33%
65 Under lavaland
33%
6 Yatagarasu
33%
9 Zaphkiel
33%
117 8o X
0%
112 AAAAAAAAAAAAAAAAAAAA
0%
127 Abandoned kingdom
0%
63 A bizzarre phantasm
0%
114 After catabath
0%
87 Allegiance
0%
48 Ancestral calamity
0%
93 Arcadelocked
0%
43 Artic area
0%
79 Artificial dream
0%
62 Artificial ideology
0%
36 Asmodeus
0%
116 Astronomical alchemy
0%
136 Asymmetry
0%
39 Athanatos
0%
53 ATmarbl
0%
60 Atmosphere
0%
32 Audio expulsion
0%
71 Audio extraction
0%
61 Aurora
0%
96 Awakening horus
0%
28 Bausha vortex
0%
52 Blade of justice
0%
76 Breakout
0%
38 Breakout redux
0%
11 Cadrega city
0%
45 Carnage mode
0%
85 ChoeriX
0%
132 Clubstep reborn
0%
111 Cosmic calamity
0%
102 Cosmorush 21
0%
126 Creeper force
0%
134 Crimsom clutter
0%
130 Cyber chaos
0%
118 Dark rainbow rebirth
0%
81 Deception dive
0%
25 Delta Interface
0%
18 Demonicat
0%
135 Demonic bass
0%
110 Destruction of god
0%
91 Duelo Maestro
0%
100 Electrosonic
0%
139 Elements X
0%
73 Elite z Rebirth
0%
42 Envy
0%
55 Epsilon
0%
104 Es dilar nos
0%
101 Excessive compliment
0%
29 Fabrication
0%
17 Factory realm x
0%
106 Falling up
0%
115 Final Epilouge
0%
107 Frizzantino vibes
0%
35 Furious flame
0%
128 Future circles
0%
124 Galatic fragility
0%
122 Galaxy breaker
0%
24 Glowy
0%
108 Grimoire heart
0%
141 Hate war
0%
86 Heartbeat
0%
80 Heat wave
0%
120 Hydraulic overdrive
0%
146 Hyperio Technia
0%
59 idols
0%
84 Incipent
0%
19 Killbot
0%
90 Killerzone
0%
123 Kurumi city
0%
143 Lunatic doom machine
0%
16 Missing benefits
0%
41 Mystic
0%
121 Necrodynamix
0%
94 NecropoliX
0%
125 New supersonic
0%
70 Nifhlein
0%
92 Night party
0%
145 Night Terrors
0%
68 Novalis
0%
72 Panasonic
0%
21 Paroxysm
0%
113 Photovoltaic
0%
20 Photovoltaic II
0%
138 Plasma pulse II
0%
67 Plasma pulse III
0%
148 Pursuit
0%
26 Quantum Processing
0%
129 Quest for perfection
0%
74 Red world rebirth
0%
83 Retention
0%
137 Rewind
0%
50 Silentium gradas
0%
33 Singularity
0%
89 Sky tech
0%
133 Spectral tentation
0%
14 Stalemate redux
0%
12 Step to hell
0%
147 Subterranean animism
0%
88 SUBVERSIVE
0%
40 Team z
0%
131 Temple of destiny
0%
77 The flawless
0%
69 The hell dignity
0%
64 The hell factory
0%
49 The hell origin
0%
27 The hell world
0%
44 The hell zone
0%
142 The secret box
0%
109 The ultimate phase
0%
75 Twisted tranquillity
0%
149 Ultra violence
0%
105 Underground
0%
95 Uprise
0%
144 Valor
0%
51 Vendetta
0%
98 Violently X
0%
140 Wander of thougth
0%
150 Wolfstep
0%
23 Ziroikabi
0%
No matching quizzes found
Score Distribution
Percent of People with Each Score
Percentile by Number Answered
Your Score History
You have not taken this quiz